El sector público en el paraguay : (Record no. 66258)

MARC details
000 -LEADER
fixed length control field 00756cas a2200193 4500
008 - FIXED-LENGTH DATA ELEMENTS--GENERAL INFORMATION
fixed length control field 040116t19871987py 000 0 spa u
050 00 - LIBRARY OF CONGRESS CALL NUMBER
Classification number HD85 .S7
Item number C36 1987
100 1# - MAIN ENTRY--PERSONAL NAME
Personal name Campos, Luis A.
245 13 - TITLE STATEMENT
Title El sector público en el paraguay :
Remainder of title análisis de sus inversiones y empresas /
-- uis A. Campos, Ricardo Canese ; prol. de Carlos Alberto González
260 ## - PUBLICATION, DISTRIBUTION, ETC. (IMPRINT)
Place of publication, distribution, etc Asunción, Paraguay :
Name of publisher, distributor, etc Centro Interdiciplinario de Derecho Social y Economía política,
Date of publication, distribution, etc 1987
300 ## - PHYSICAL DESCRIPTION
Extent 251 p. ;
Dimensions 19 cm.
440 #0 - SERIES STATEMENT/ADDED ENTRY--TITLE
Title Investigaciones (CIDSEP) ;
Volume number/sequential designation no.1
650 10 - SUBJECT ADDED ENTRY--TOPICAL TERM
Topical term or geographic name as entry element Económia política
Geographic subdivision Paraguay
650 20 - SUBJECT ADDED ENTRY--TOPICAL TERM
Topical term or geographic name as entry element Gasto público
Geographic subdivision Paraguay
700 1# - ADDED ENTRY--PERSONAL NAME
Personal name Canese, Ricardo, coaut.
700 1# - ADDED ENTRY--PERSONAL NAME
Personal name González, Carlos Alberto, tr.
942 ## - ADDED ENTRY ELEMENTS (KOHA)
Source of classification or shelving scheme Biblioteca del Cogreso de los Estados Unidos
Koha item type Libro
Holdings
Estado de pérdida Fuente de clasificación Estado del daño No para préstamo Ubicación permanente Ubicación actual Apartado o colección Fecha de adquisición Edición Dependencia de educación superior (DES) Área del conocimiento Clasificación Código de Barras Date last seen Número de copia Tipo de recurso
  Biblioteca del Cogreso de los Estados Unidos     Biblioteca del Instituto de Investigaciones Históricas Biblioteca del Instituto de Investigaciones Históricas General 21/08/2018 1a ed. Humanidades Ciencias Sociales y Administrativas HD85 .S7 C36 1987 IIH000024790 21/08/2018 C:1 Libro